Statistics for Квиз о Пакистану

Click here to take the quiz!

General Stats

  • This quiz has been taken 50 times
  • The average score is 10 of 22

Answer Stats

ОписОдговор% Correct
Главни градИсламабад
96%
Најдужа река - место на ком је настала древна цивилизацијаИнд
96%
Два предмета која се налазе на заставиЗвезда
83%
Најпопуларнији спортКрикет
83%
Држава некад позната под именом Источни ПакистанБангладеш
78%
Једина држава у којој живи више муслимана него у ПакистануИндонезија
76%
Два највећа градаКарачи
72%
Два предмета која се налазе на заставиПолумесец
72%
Други највиши врх света, на граници са КиномК2
63%
Море на које излазиАрабијско море
35%
Званични језициЕнглески
33%
Национална животиња маркхор је ова животиња...Вијорога {коза}
30%
Званични језициУрду
26%
Два највећа градаЛахоре
26%
Језици са највише говорникаПаштунски
24%
Једина жена премијер ПакистанаБеназир Буто
24%
Национални спортХокеј на трави
22%
Најчешће презиме у Пакистану (почиње на слово К)Кан
17%
Језици са највише говорникаПанџаби
11%
Национални цвет (беле је боје)Јасмин
11%
Главни град Белуџистана, једне од покрајина ПакистанаКвета
2%
Оснивач ПакистанаМухамед Али Џина
2%

Score Distribution

Percentile by Number Answered

Percent of People with Each Score

Your Score History

You have not taken this quiz